Score 0/24 Timer 03:00
0 Plays Today
Hint 4-Letter Word % Correct
007's last nameBOND
98.4%
Femur or fibula, e.g.BONE
97.9%
What a woodpecker pecks withBEAK
97.4%
Place to bake a pieOVEN
97.4%
FinishedDONE
97.4%
Highest pointPEAK
97.2%
'___ It Like Beckham' (2002 film)BEND
96.9%
A quick lookPEEK
96.5%
Vegan's no-noMEAT
96.4%
Red root vegetableBEET
95.8%
Hit a drumBEAT
95.7%
Look forSEEK
95.6%
Hint 4-Letter Word % Correct
Component of a necklaceBEAD
95.5%
Having observedSEEN
95.3%
Porter or stout, e.g.BEER
92.6%
'Frozen' reindeer characterSVEN
91.7%
Does and bucksDEER
91.3%
February 11: [rung 1] Cry ___ Spilled [rung 24] Day•OVER•
91.1%
February 11: [rung 1] Cry [rung 14] Spilled ___ Day🍼MILK🍼
88.1%
February 11: ___ Cry [rung 14] Spilled [rung 24] Day•DON'T•
88%
Frosty's least favorite verbMELT
87.6%
One who tints clothDYER
83.3%
Schmidt of the NHL or Plum of the NFL, e.g.MILT
80.3%
Partner of terminerOYER
77.3%

Today's Daily Dose

Remove Ads.
Support Sporcle.
Get the best of Sporcle when you Go Orange. This ad-free experience offers more features, more stats, and more fun while also helping to support Sporcle. Thank you for becoming a member.

You're not logged in!

Compare scores with friends on all Sporcle quizzes.
OR
Log In

Show Comments

Extras

Top Quizzes Today


Score Distribution

Your Account Isn't Verified!

In order to create a playlist on Sporcle, you need to verify the email address you used during registration. Go to your Sporcle Settings to finish the process.

Report this User

Report this user for behavior that violates our Community Guidelines.

Details: